000 00410nam a2200157Ia 4500
999 _c8632
_d8632
020 _a9789384463960
082 _a307.3364 SUM-;
100 _aSumit Kumar
245 0 _aFinancial consequences of illness: evidence from slums of India
260 _aDelhi
_bFoundation Books
_c2015
300 _axv, 204p
650 _aSLUMS - INDIA
650 _aFINANCIAL CRISIS - INDIA
650 _aCHANDIGARH
942 _cBK